Dermatiology for skin of color

Salvato in:
Dettagli Bibliografici
Autore principale:  Kelly, A. Paul
Natura: Sách
Lingua:Undetermined
Pubblicazione:  McGraw-Hill Medical  2009
Soggetti:
Tags: Aggiungi Tag
Nessun Tag, puoi essere il primo ad aggiungerne! !
Thư viện lưu trữ: Trung tâm Thư viện - Trường Đại học Công nghiệp TP. Hồ Chí Minh
LEADER 00468nam a2200157Ia 4500
001 UIH_05729
008 231011s9999 xx 000 0 und d
082 |a  616.50089 
100 |a  Kelly, A. Paul 
245 0 |a  Dermatiology for skin of color 
245 0 |c  Kelly, A. Paul 
260 |b  McGraw-Hill Medical 
260 |c  2009 
650 |a  Y học;  
927 |a Sách 
980 |a Trung tâm Thư viện - Trường Đại học Công nghiệp TP. Hồ Chí Minh